Movies Quiz

Random Movies or Actor Quiz

'The' Title Role Actors Quiz Stats

 Plays Quiz Updated Jun 5, 2017

Challenge
Share
Tweet
Embed
Score 0/50 Timer 06:00
1 Play Today
'The' Role Actor % Correct
The 40-Year Old VirginSteve Carell
87.4%
The Dark KnightChristian Bale
86.7%
The Nutty ProfessorJerry Lewis/Eddie Murphy
82%
The WaterboyAdam Sandler
80.9%
The PatriotMel Gibson
75.3%
The Godfather: Part IIAl Pacino
74.9%
The BodyguardKevin Costner
73.5%
The GraduateDustin Hoffman
71.8%
The FugitiveHarrison Ford
71.4%
The Iron LadyMeryl Streep
70.1%
The JerkSteve Martin
66.7%
The TerminatorArnold Schwarzenegger
66%
The Wedding PlannerJennifer Lopez
62.5%
The Karate KidRalph Macchio/Jaden Smith
61.7%
The WrestlerMickey Rourke
60.6%
The JackalBruce Willis
59.6%
The HurricaneDenzel Washington
55%
The FighterMark Wahlberg
53.2%
The Devil's AdvocateKeanu Reeves
51.7%
The DictatorSacha Baron Cohen
51.5%
The English PatientRalph Fiennes
50.5%
The QueenHelen Mirren
50.4%
The PianistAdrien Brody
50.3%
The FlyJeff Goldblum
50.2%
The Informant!Matt Damon
49.2%
'The' Role Actor % Correct
The PacifierVin Diesel
49.1%
The HustlerPaul Newman
46.8%
The Lion KingJonathan Taylor Thomas/Matthew Broderick
45.3%
The Horse WhispererRobert Redford
44.8%
The TransporterJason Statham
44.2%
The Great DictatorCharlie Chaplin
40.9%
The Jazz SingerAl Jolson/Neil Diamond
40.4%
The Preacher's WifeWhitney Houston
38.9%
The Hobbit*Martin Freeman
37.5%
The Princess BrideRobin Wright
37.4%
The SaintVal Kilmer
35.9%
The 13th WarriorAntonio Banderas
32.1%
The Elephant ManJohn Hurt
30.2%
The Fifth ElementMilla Jovovich
29.2%
The Phantom of the OperaLon Chaney/Gerard Butler...
27.2%
The Good SonMacaulay Culkin
26.8%
The EnforcerClint Eastwood
25.7%
The Brave OneJodie Foster
23.5%
The DuchessKeira Knightley
23.5%
The ApostleRobert Duvall
20.4%
The Man with the Golden GunChristopher Lee
19.4%
The RefDenis Leary
19.2%
The ArtistJean Dujardin
18.3%
The ExorcistMax von Sydow
12.6%
The Public EnemyJames Cagney
11.4%

You're not logged in!

Compare scores with friends on all Sporcle quizzes.
Join for Free
OR
Log In

You Might Also Like...

Show Comments

Extras

Top Quizzes Today


Score Distribution

Your Account Isn't Verified!

In order to create a playlist on Sporcle, you need to verify the email address you used during registration. Go to your Sporcle Settings to finish the process.

Report this User

Report this user for behavior that violates our Community Guidelines.

Details: